The height of buttress structure on trees of meranti tembaga, shorea leprosula miq

Bibliographic Details
Main Author: SETTEN
Format: Book
Published: Kuala Lumpur : Forest Research Institute , 1954
Series:Research pamphlet ; no. 7
Subjects:

MARC

LEADER 00000cam a2200000 7i4500
001 0000002976
005 20040327.0
090 0 0 |a RP 634.973   |b SET 1954 
100 1 0 |a SETTEN   |h G. G. K. 
245 1 4 |a The height of buttress structure on trees of meranti tembaga, shorea leprosula miq   |c by G. G. K. Setten 
260 0 0 |a Kuala Lumpur :   |b Forest Research Institute ,   |c 1954 
300 |a (6) p. ;   |c 34 cm. 
440 0 0 |a Research pamphlet ; no. 7 
650 0 0 |a Meranti   |z Malaysia 
650 0 0 |a Shorea leprosula   |z Malaysia 
998 |a JPSM 
999 |a 0000005242   |b Monograph   |c Open Shelf   |e Default branch 
999 |a 0000005243   |b Monograph   |c Open Shelf   |e Default branch